| 000 | 01733nam0a2200361 4500 | ||
|---|---|---|---|
| 001 | RU\NLR\bibl\575667 | ||
| 005 | 20260407103929.0 | ||
| 010 | _a5-88081-377-0 | ||
| 021 |
_aRU _b2004-28737 _91447 |
||
| 035 | _aRSL-KNO-002434674 | ||
| 035 | _a(NLR Aleph) 000567711 | ||
| 090 |
_a1572703 _c1572703 |
||
| 100 | _a20040520d2003 |||y0rusy50 ca | ||
| 101 | 0 | _arus | |
| 102 | _aRU | ||
| 105 | _aa ||||||||| | ||
| 106 | _ar | ||
| 200 | 1 |
_aСоциально-экономические проблемы развития региона _e[сб. ст.] _fМ-во образования Рос. Федерации, Тюм. гос. ун-т, Фил. Тюм. гос. ун-та г. Пыть-Ях _g[науч. ред. С.С. Жукова, к.э.н., доц.] |
|
| 210 |
_aТюмень _cИзд-во ТюмГУ _d2003 |
||
| 215 |
_a223 с. _cил. _d27 |
||
| 320 | _aБиблиогр. в подстроч. примеч. | ||
| 607 |
_aТюменская область _jСборники _xНародное хозяйство _91060448 _3RU\NLR\auth\66411398 |
||
| 610 | 0 | _aЭкономика -- Российская Федерация -- Тюменская область -- Сборник | |
| 686 |
_aУ9(2Р-4Тю)я43 _2rubbk |
||
| 686 | _aУ03(2Р-4Тю)74я43 | ||
| 702 | 1 |
_4340 _7ca _8rus _aЖукова _bС. С. _cканд. экон. наук _gСветлана Серафимовна _924797 _3RU\NLR\auth\7741849 |
|
| 712 | 0 | 2 |
_4570 _aТюменский государственный университет _bФилиал _cПыть-Ях _9619781 _3RU\NLR\AUTH\8810059273 |
| 801 | 0 |
_aRU _bRuMoRKP _c20040520 _gPSBO |
|
| 801 | 1 |
_aRU _bRuMoRGB _c20040520 |
|
| 801 | 2 |
_aRU _bNLR _c20041119 _gPSBO |
|
| 942 | _cBOOK | ||
| 980 | _aNB | ||